000 00411nam a2200145Ia 4500
008 100204s9999 xx 000 0 und d
082 _b7119
100 _aवाड विजया
245 _aवेगळी
260 _b"डिंंंंप्ंाल पब्लिकेशन, वसई"
_c1985
300 _a176
630 _aवेगळी
730 _aवेगळी
942 _cBOOK
999 _c451556
_d451553